Christians: (Record no. 13212)

000 -LEADER
fixed length control field 00685nam a2200193 a 4500
001 - CONTROL NUMBER
control field :::00011030$&:&@@
003 - CONTROL NUMBER IDENTIFIER
control field OkBaRHE
005 - DATE AND TIME OF LATEST TRANSACTION
control field 20000607103405.0
008 - FIXED-LENGTH DATA ELEMENTS--GENERAL INFORMATION
fixed length control field s1961 j 000 0 eng u
040 ## - CATALOGING SOURCE
Transcribing agency
100 1# - MAIN ENTRY--PERSONAL NAME
Personal name Schnell, William J.
245 10 - TITLE STATEMENT
Title Christians:
Remainder of title Awake!: Romans 13:11, 12 restoring the art of witnessing, evangelizing and soul-winning.
260 ## - PUBLICATION, DISTRIBUTION, ETC. (IMPRINT)
Place of publication, distribution, etc Grand Rapids, MI., :
Name of publisher, distributor, etc Baker Book House
Date of publication, distribution, etc c1961
300 ## - PHYSICAL DESCRIPTION
Extent 157 p. ;
Dimensions 19 cm.
650 ## - SUBJECT ADDED ENTRY--TOPICAL TERM
Topical term or geographic name as entry element Evangelistic Work
General subdivision Study and Teaching
650 ## - SUBJECT ADDED ENTRY--TOPICAL TERM
Topical term or geographic name as entry element Witness Bearing (Christianity)
942 ## - ADDED ENTRY ELEMENTS (KOHA)
Source of classification or shelving scheme
Koha item type Books
Copies
Price effective from Koha item type Shelving location Date acquired Not for loan Barcode Source of classification or shelving scheme Withdrawn status Damaged status Copy number Lost status Permanent Location Full call number Date last seen
2010-04-14BooksGeneral Stacks2010-04-14 11030   1 RHEMA Bible Training CollegeBV 4520 .S352010-04-14